000 00558nam a2200205Ia 4500
005 20240823025108.0
008 240823s9999||||xx |||||||||||||| ||und||
020 _a81-7881-435-8
041 _aENGLISH
082 _A658.408 P5
100 _aDavid Crowther
245 0 _aRepresentations of Social Responsibility Vol.I
250 _a1
260 _c2005
_bThe ICFAI University
_aHyderabad
500 _aYES
650 _aRepresentations of Social Responsibility
_bManagement Studies
700 _a Renu Jatana Eds.
942 _cBK
999 _c185497
_d185497